00517nam a22001697a 450000500170000001000130001702000260003003500120005603700160006808200100008410000240009424500600011824600360017826000530021427000590026730000210032620221209144646.0 aUR-11784 a9789391238476c400.00 aU-10339 bDBAD/PUBa- a840.8 aاحسان عالم aمطالعہ کتب /cاحسان عالمhا ر د و aMotala-E-Kutub /bby Ahsan Alam aNew DelhibEducational Publishing Housec2021 ء aH.o. D1/16, Ansari Road, Darya GanjbNew Delhie110002 a432 صc23cm(Hb)